Culture Générale - Série 2511 - Statistiques

Statistiques générales
  • Ce quiz a été pris 76 fois
  • Le résultat moyen est 3 sur 10
Statistiques - réponses
Question Réponse % Correct
Quel mot peut être associé à : grisou - étrier -foudre -pouce coup
81%
Dans quel département vous trouvez-vous si vous visitez le zoo de Beauval ? Loir-et-Cher
43%
Jeu de cartes - capitale asiatique - outil ( voir photo) manille
39%
Intervalle musique ou prénom masculin Octave
35%
Sur quelle île se trouve le volcan actif Agung baptisé la « mère montagne » ? Bali
28%
Wagon qui suivait une locomotive à vapeur et contenait le combustible et l'eau nécessaires tender
19%
Quel oiseau trisse ? hirondelle
12%
Esclave attachée au service des femmes d'un harem (histoire) - Femme non épousée d'un harem - Courtisane odalisque
12%
Grande facilité de parole, loquacité destinée à convaincre ou à tromper. Synonymes : faconde (littéraire) - loquacité (littéraire) bagou
7%
Comment appelle-t-on le valet de trèfle dans divers jeux de cartes tels que le brelan ou la bouillotte ? mistigri
7%
Aucun quiz correspondant
Distribution des résultats
% des personnes avec chaque résultat
Percentile par nombre de réponses
Votre historique - résultats
Vous n’avez pas pris ce quiz